Kỹ thuật điều dưỡng cơ bản
Cuốn sách "Kỹ thuật điều dưỡng cơ bản" được biên soạn gồm 7 chương với 51 quy trình kỹ thuật. Chương 1: Kỹ thuật thực hành các biện pháp phòng ngừa lây nhiễm; Chương 2: Kỹ thuật hồi sức cấp cứu; Chương 3: Kỹ thuật điều dươ...
Đã lưu trong:
| Tác giả chính: | |
|---|---|
| Định dạng: | Sách |
| Ngôn ngữ: | Vietnamese |
| Được phát hành: |
H.
Y Học
2015
|
| Những chủ đề: | |
| Các nhãn: |
Thêm thẻ
Không có thẻ, Là người đầu tiên thẻ bản ghi này!
|
| Thư viện lưu trữ: | Thư viện Trường Đại học Nam Cần Thơ |
|---|
| LEADER | 02127nam a22002537a 4500 | ||
|---|---|---|---|
| 001 | NCT_4_012648 | ||
| 008 | 240914b xxu||||| |||| 00| 0 vie d | ||
| 999 | |c 8596 |d 8596 | ||
| 020 | |a 9786046615422 |c 215000 | ||
| 082 | 0 | 4 | |2 23rd ed. |a 610.73 |b K312 |
| 100 | 1 | |a Nguyễn Văn Kính |e Chủ biên | |
| 245 | 1 | 0 | |a Kỹ thuật điều dưỡng cơ bản |c Nguyễn Văn Kính |
| 260 | |a H. |b Y Học |c 2015 | ||
| 300 | |a 206 tr |b Minh họa |c 27 cm | ||
| 500 | |a ĐTTS ghi: Bộ Y Tế - Bệnh viện Nhiệt đới Trung ương | ||
| 520 | 3 | |a Cuốn sách "Kỹ thuật điều dưỡng cơ bản" được biên soạn gồm 7 chương với 51 quy trình kỹ thuật. Chương 1: Kỹ thuật thực hành các biện pháp phòng ngừa lây nhiễm; Chương 2: Kỹ thuật hồi sức cấp cứu; Chương 3: Kỹ thuật điều dưỡng cơ bản; Chương 4: Kỹ thuật phụ giúp bác sỹ thực hiện thủ thuật; Chương 5: Kỹ thuật chăm sóc cơ bản; Chương 6: Kỹ thuật xét nghiệm cận lâm sàng; Chương 7: Kỹ thuật sử dụng trang thiết bị y khoa. | |
| 653 | |a Điều dưỡng | ||
| 942 | |2 ddc |c BK | ||
| 952 | |0 0 |1 0 |2 ddc |4 0 |6 610_730000000000000_K312 |7 0 |9 29410 |a 000001 |b 000001 |d 2024-09-14 |o 610.73 K312 |p MD.22794 |r 2024-09-14 |v 215000.00 |w 2024-09-14 |y BK | ||
| 952 | |0 0 |1 0 |2 ddc |4 0 |6 610_730000000000000_K312 |7 0 |9 29411 |a 000001 |b 000001 |d 2024-09-14 |o 610.73 K312 |p MD.22795 |r 2024-09-14 |v 215000.00 |w 2024-09-14 |y BK | ||
| 952 | |0 0 |1 0 |2 ddc |4 0 |6 610_730000000000000_K312 |7 0 |9 29412 |a 000001 |b 000001 |d 2024-09-14 |o 610.73 K312 |p MD.22796 |r 2024-09-14 |v 215000.00 |w 2024-09-14 |y BK | ||
| 952 | |0 0 |1 0 |2 ddc |4 0 |6 610_730000000000000_K312 |7 0 |9 29413 |a 000001 |b 000001 |d 2024-09-14 |l 1 |o 610.73 K312 |p MD.22797 |r 2025-07-18 |s 2025-06-04 |v 215000.00 |w 2024-09-14 |y BK | ||
| 952 | |0 0 |1 0 |2 ddc |4 0 |6 610_730000000000000_K312 |7 0 |9 29414 |a 000001 |b 000001 |d 2024-09-14 |o 610.73 K312 |p MD.22798 |r 2024-09-14 |v 215000.00 |w 2024-09-14 |y BK | ||
| 980 | |a Thư viện Trường Đại học Nam Cần Thơ | ||


